[Event "27th Klatovy B 2019"]
[Site "Klatovy CZE"]
[Date "2019.07.03"]
[Round "5.44"]
[White "Bukvaj, Martin"]
[Black "Skutil, Frantisek"]
[Result "1-0"]
[WhiteElo "1220"]
[BlackElo "1681"]
[PlyCount "51"]
[EventDate "2019.06.29"]
[EventType "swiss"]
[EventRounds "9"]
[EventCountry "CZE"]

1. e4 c5 2. Nf3 Nc6 3. Nc3 d6 4. d4 cxd4 5. Nxd4 Nf6 6. Be3 a6 7. Be2 g6 8. O-O Bg7 9. f4 e6 10. Qd2 Bd7 11. a4 Qc7 12. Kh1 O-O 13. Rf3 Rad8 14. Raf1 Rfe8 15. Rg3 Nxd4 16. Bxd4 Bc6 17. Qe3 Qe7 18. Bd3 Rc8 19. b4 e5 20. fxe5 dxe5 21. Bc5 Qe6 22. Qe2 Bf8 23. Rgf3 Nd7 24. Bc4 Qg4 25. Bxf7+ Kg7 26. Bxe8 1-0

[Event "27th Klatovy B 2019"]
[Site "Klatovy CZE"]
[Date "2019.07.03"]
[Round "5.45"]
[White "Matlocha, Lubomir"]
[Black "Dobsa, Emma"]
[Result "0-1"]
[WhiteElo "1663"]
[BlackElo "1325"]
[PlyCount "106"]
[EventDate "2019.06.29"]
[EventType "swiss"]
[EventRounds "9"]
[EventCountry "CZE"]

1. d4 d5 2. c4 c6 3. Nf3 Nf6 4. e3 Bf5 5. Nc3 e6 6. a3 Bd6 7. c5 Bc7 8. h3 h6 9. Bd3 Ne4 10. Bxe4 dxe4 11. Nd2 O-O 12. O-O Qh4 13. f4 exf3 14. Nxf3 Qg3 15. Ne2 Qg6 16. Nh4 Qg5 17. Nxf5 exf5 18. e4 Qe7 19. e5 Qe6 20. Nf4 Qd7 21. Be3 Rd8 22. b4 a5 23. Qb3 axb4 24. axb4 Rxa1 25. Rxa1 Na6 26. Rf1 b6 27. Qc4 b5 28. Qb3 Qe7 29. Ng6 Qe8 30. Nf4 Kh8 31. Nd3 Qd7 32. Ra1 Ra8 33. Rf1 Bd8 34. g3 Nc7 35. Nf4 g5 36. e6 fxe6 37. Ng6+ Kg7 38. Ne5 Qe8 39. g4 f4 40. Bxf4 gxf4 41. Rxf4 Bf6 42. Rxf6 Kxf6 43. Qf3+ Kg7 44. g5 hxg5 45. Qg3 Qh5 46. Ng4 Nd5 47. Qe5+ Kh7 48. Qxe6 Ra1+ 49. Kf2 Qh4+ 50. Kf3 Rf1+ 51. Ke4 Re1+ 52. Kf5 Rxe6 53. Kxe6 Qxh3 0-1

[Event "27th Klatovy B 2019"]
[Site "Klatovy CZE"]
[Date "2019.07.03"]
[Round "5.46"]
[White "Rychtecky, Pavel"]
[Black "Martinek, Lukas"]
[Result "1-0"]
[WhiteElo "1630"]
[BlackElo "1301"]
[PlyCount "79"]
[EventDate "2019.06.29"]
[EventType "swiss"]
[EventRounds "9"]
[EventCountry "CZE"]

1. e4 e5 2. Nf3 Nc6 3. Bb5 a6 4. Ba4 Nf6 5. O-O Be7 6. Re1 b5 7. Bb3 O-O 8. c3 d5 9. exd5 Nxd5 10. Nxe5 Nxe5 11. Rxe5 c6 12. d4 Bd6 13. Re1 Qh4 14. g3 Qh3 15. Qd3 Bg4 16. Qf1 Qh5 17. Bd1 f5 18. f3 Bh3 19. Qf2 Rf6 20. Nd2 Rg6 21. f4 Qh6 22. Nf3 Bxf4 23. Bxf4 Qxf4 24. Ne5 Qxf2+ 25. Kxf2 Re6 26. Bf3 Rd8 27. a4 Rdd6 28. axb5 cxb5 29. Rxa6 Rxa6 30. Bxd5 Rad6 31. Bxe6+ Rxe6 32. Ra1 g5 33. Ra7 h5 34. Rb7 f4 35. Rxb5 fxg3+ 36. Kxg3 Bf1 37. Rc5 Rf6 38. h4 Rf4 39. Nf3 gxh4+ 40. Nxh4 1-0

[Event "27th Klatovy B 2019"]
[Site "Klatovy CZE"]
[Date "2019.07.03"]
[Round "5.47"]
[White "Trcka, Bohdan"]
[Black "Valdman, Jakub"]
[Result "0-1"]
[WhiteElo "1569"]
[BlackElo "1191"]
[PlyCount "112"]
[EventDate "2019.06.29"]
[EventType "swiss"]
[EventRounds "9"]
[EventCountry "CZE"]

1. e4 e5 2. Be2 Nc6 3. c3 Nf6 4. d3 d6 5. g4 h6 6. Na3 Be7 7. Nc2 Be6 8. c4 Qd7 9. h3 g5 10. b4 b6 11. a4 a5 12. b5 Nd8 13. Ne3 Nb7 14. Nf5 Bxf5 15. gxf5 O-O-O 16. Be3 Nc5 17. f3 Rdg8 18. d4 exd4 19. Bxd4 h5 20. Bxc5 dxc5 21. Qxd7+ Nxd7 22. O-O-O g4 23. hxg4 hxg4 24. Rxh8 Rxh8 25. fxg4 Rh2 26. Kd2 Bg5+ 27. Ke1 Ne5 28. Nf3 Nxf3+ 29. Bxf3 Bh4+ 30. Kf1 Rf2+ 31. Kg1 Rxf3 32. Kh2 Re3 33. Rg1 Bg5 34. e5 Rxe5 35. Rg2 Re4 36. Rc2 Rxg4 37. Kh3 Rf4 38. Rc3 Rxf5 39. Kg4 Re5 40. Rc2 f6 41. Kf3 Re3+ 42. Kg4 Ra3 43. Kf5 Rxa4 44. Ke6 Ra3 45. Kd5 Rd3+ 46. Ke6 a4 47. Ra2 a3 48. Kf5 Rb3 49. Ke6 Bc1 50. Kxf6 Rb2 51. Ra1 Rc2 52. Ke6 Rxc4 53. Ra2 Bb2 54. Kd5 Rd4+ 55. Ke5 c4 56. Rxa3 Rd6+ 0-1

[Event "27th Klatovy B 2019"]
[Site "Klatovy CZE"]
[Date "2019.07.03"]
[Round "5.48"]
[White "Skutil, Frantisek Elias"]
[Black "Levinsky, Ladislav"]
[Result "1-0"]
[WhiteElo "1106"]
[BlackElo "1515"]
[PlyCount "61"]
[EventDate "2019.06.29"]
[EventType "swiss"]
[EventRounds "9"]
[EventCountry "CZE"]

1. d4 d5 2. Nc3 g6 3. Bf4 a6 4. a4 Bg7 5. e3 c6 6. Bd3 Nd7 7. Nf3 f6 8. O-O e5 9. dxe5 fxe5 10. Bg5 Ngf6 11. Nd2 Qb6 12. Nb3 Qc7 13. e4 d4 14. Ne2 Nb6 15. a5 Nbd7 16. Nd2 Nc5 17. b4 Ne6 18. Bh4 g5 19. Bg3 h5 20. Nc4 Nf4 21. Bxf4 exf4 22. Nxd4 Ng4 23. Nb6 Rb8 24. e5 O-O 25. Nxc8 Qxc8 26. Bc4+ Kh8 27. Be6 Qe8 28. Bxg4 hxg4 29. Qxg4 Qxe5 30. Ne6 Rg8 31. Nxg5 1-0

[Event "27th Klatovy B 2019"]
[Site "Klatovy CZE"]
[Date "2019.07.03"]
[Round "5.49"]
[White "Roubal, Matyas"]
[Black "Stastny, Simon"]
[Result "0-1"]
[WhiteElo "1019"]
[BlackElo "1474"]
[PlyCount "62"]
[EventDate "2019.06.29"]
[EventType "swiss"]
[EventRounds "9"]
[EventCountry "CZE"]

1. e4 e5 2. Nf3 Nc6 3. Nc3 Nf6 4. Bb5 a6 5. Bxc6 bxc6 6. Nxe5 Qe7 7. d4 Bb7 8. O-O O-O-O 9. Re1 c5 10. Nf3 Nxe4 11. Nxe4 Bxe4 12. Bd2 d5 13. Qe2 Kb7 14. Ng5 f6 15. Nxe4 Qxe4 16. Qxe4 dxe4 17. Bc3 cxd4 18. Rad1 Bc5 19. Ba5 Rhe8 20. h3 f5 21. c3 d3 22. Rd2 f4 23. Kh2 e3 24. fxe3 fxe3 25. Rdd1 d2 26. Re2 Rf8 27. Kg1 Rf2 28. Rxf2 exf2+ 29. Kf1 Re8 30. c4 Re1+ 31. Rxe1 fxe1=Q# 0-1

[Event "27th Klatovy B 2019"]
[Site "Klatovy CZE"]
[Date "2019.07.03"]
[Round "5.50"]
[White "Simunek, Jakub Simon"]
[Black "Skalicky, Jindrich"]
[Result "1-0"]
[WhiteElo "1457"]
[BlackElo "1201"]
[PlyCount "67"]
[EventDate "2019.06.29"]
[EventType "swiss"]
[EventRounds "9"]
[EventCountry "CZE"]

1. d4 d5 2. c4 dxc4 3. e3 c5 4. Bxc4 e6 5. Nf3 Nf6 6. Nc3 a6 7. a4 Nc6 8. O-O cxd4 9. exd4 Be7 10. Re1 O-O 11. Bf4 b6 12. d5 exd5 13. Nxd5 Nxd5 14. Qxd5 Bb7 15. Qh5 g6 16. Qh6 Bf6 17. Ng5 Bxg5 18. Bxg5 Qd4 19. Rad1 Qg7 20. Qh4 h5 21. Bf6 Qh6 22. Rd7 Rab8 23. Red1 Na5 24. Ba2 Bc6 25. R7d6 Rfe8 26. R6d4 Nb7 27. Qg3 Nc5 28. Qc7 Ne6 29. Bxe6 Rxe6 30. Rd8+ Re8 31. Rxb8 Bxa4 32. Rxe8+ Bxe8 33. Qe7 Ba4 34. Rd8+ 1-0

[Event "27th Klatovy B 2019"]
[Site "Klatovy CZE"]
[Date "2019.07.03"]
[Round "5.51"]
[White "Konig, Vlastislav 1957"]
[Black "Cervenka, Jakub"]
[Result "1/2-1/2"]
[WhiteElo "1630"]
[BlackElo "1396"]
[PlyCount "69"]
[EventDate "2019.06.29"]
[EventType "swiss"]
[EventRounds "9"]
[EventCountry "CZE"]

1. e4 e5 2. Nf3 Nf6 3. d4 exd4 4. e5 Nd5 5. Bc4 Nb6 6. Bb3 Nc6 7. c3 dxc3 8. Nxc3 Bb4 9. Bd2 O-O 10. O-O d6 11. Bg5 Qd7 12. exd6 Bxc3 13. bxc3 Qxd6 14. Qc2 Qg6 15. Qxg6 hxg6 16. Rfe1 Bg4 17. Nh4 Bf5 18. Nxf5 gxf5 19. Re3 Rfe8 20. Rae1 Kf8 21. Kf1 Rxe3 22. Rxe3 Re8 23. Rh3 f6 24. Bf4 Ne5 25. Bc1 g5 26. Rh7 Nbd7 27. h4 Re7 28. Rh8+ Kg7 29. Rg8+ Kh7 30. hxg5 fxg5 31. Rxg5 Nd3 32. Bd2 Nf6 33. Rg3 Nc5 34. Rh3+ Kg7 35. Rg3+ 1/2-1/2

[Event "27th Klatovy B 2019"]
[Site "Klatovy CZE"]
[Date "2019.07.03"]
[Round "5.52"]
[White "Stanke, Vilem"]
[Black "Popov, Roman4"]
[Result "0-1"]
[WhiteElo "1371"]
[BlackElo "1239"]
[PlyCount "48"]
[EventDate "2019.06.29"]
[EventType "swiss"]
[EventRounds "9"]
[EventCountry "CZE"]

1. e4 c5 2. Nf3 e6 3. d4 cxd4 4. Nxd4 Nf6 5. Nc3 d6 6. Be2 a6 7. Be3 Be7 8. O-O O-O 9. f4 Nbd7 10. Qd2 Nc5 11. Bf3 Qc7 12. Kh1 Bd7 13. b4 Na4 14. Nxa4 Bxa4 15. Bd1 Nxe4 16. Qd3 Nc3 17. Bf3 Bf6 18. Bxb7 Rab8 19. Bxa6 Rxb4 20. a3 Rbb8 21. Rfc1 Nd5 22. g3 Nxe3 23. Qxe3 Qb6 24. Rab1 Bc6+ 0-1

[Event "27th Klatovy B 2019"]
[Site "Klatovy CZE"]
[Date "2019.07.03"]
[Round "5.53"]
[White "Novy, Jaroslav"]
[Black "Leseticky, Vladimir"]
[Result "1/2-1/2"]
[WhiteElo "1632"]
[BlackElo "1631"]
[PlyCount "127"]
[EventDate "2019.06.29"]
[EventType "swiss"]
[EventRounds "9"]
[EventCountry "CZE"]

1. e4 e5 2. Nf3 Nc6 3. d4 exd4 4. Nxd4 Nxd4 5. Qxd4 Qf6 6. Be3 b6 7. Nc3 c6 8. e5 Qe7 9. O-O-O Qb4 10. Qd3 Ne7 11. a3 Qa5 12. f4 Ng6 13. Ne4 Qd5 14. Qxd5 cxd5 15. Nc3 Bb7 16. Nxd5 O-O-O 17. Bb5 Kb8 18. Rd2 Ne7 19. Nb4 Nf5 20. Bf2 Bxg2 21. Rg1 Bxb4 22. axb4 Bc6 23. Bxc6 dxc6 24. Rgd1 Rxd2 25. Rxd2 Kc7 26. c3 Rd8 27. Rxd8 Kxd8 28. Kd2 Kd7 29. Kd3 Ke6 30. Ke4 Ne7 31. c4 g6 32. Bh4 Nc8 33. Bg5 Ne7 34. Bxe7 Kxe7 35. f5 gxf5+ 36. Kxf5 h5 37. h4 a6 38. b3 c5 39. bxc5 bxc5 40. Kg5 Ke6 41. Kxh5 Kxe5 42. Kg4 Ke4 43. Kg5 f5 44. h5 f4 45. h6 f3 46. h7 f2 47. h8=Q f1=Q 48. Qc3 Qf4+ 49. Kg6 Qf5+ 50. Kh6 Qf8+ 51. Kh5 Qf3+ 52. Qxf3+ Kxf3 53. Kg5 Ke4 54. Kf6 Kd4 55. Ke6 Kc3 56. Kd5 Kb4 57. Kc6 Kxb3 58. Kxc5 a5 59. Kb5 a4 60. c5 a3 61. c6 a2 62. c7 a1=Q 63. c8=Q Qa4+ 64. Kb6 1/2-1/2

[Event "27th Klatovy B 2019"]
[Site "Klatovy CZE"]
[Date "2019.07.03"]
[Round "5.54"]
[White "Kasik, Denis"]
[Black "Zimovcak, Zdenek"]
[Result "1-0"]
[WhiteElo "1208"]
[BlackElo "1600"]
[PlyCount "87"]
[EventDate "2019.06.29"]
[EventType "swiss"]
[EventRounds "9"]
[EventCountry "CZE"]

1. e4 e5 2. Nf3 d6 3. Bc4 c6 4. d4 Qc7 5. Nc3 h6 6. h3 Nf6 7. Qe2 Be7 8. b3 Nbd7 9. Bb2 O-O 10. O-O Re8 11. Rad1 Nf8 12. Rfe1 Ng6 13. a4 Bd7 14. d5 c5 15. Bb5 a6 16. Bxd7 Qxd7 17. Ba3 Qc8 18. Bc1 Nh7 19. Qd3 Rf8 20. Nh2 Bg5 21. Bxg5 hxg5 22. Qd2 f6 23. Ne2 Kf7 24. Nf3 Rh8 25. Qa5 Nhf8 26. Rc1 Ne7 27. b4 Nd7 28. bxc5 Nxc5 29. Ng3 Qd7 30. Ra1 Rac8 31. Nd2 g4 32. hxg4 Qxg4 33. Re3 g6 34. Nb3 f5 35. exf5 gxf5 36. Nxc5 Rxc5 37. Qb6 Rxd5 38. Rf3 Kf6 39. Qxb7 e4 40. Rfa3 Rd1+ 41. Rxd1 Qxd1+ 42. Nf1 Qh5 43. Rh3 Qe8 44. Qb2+ 1-0

[Event "27th Klatovy B 2019"]
[Site "Klatovy CZE"]
[Date "2019.07.03"]
[Round "5.55"]
[White "Vasko, Pavel"]
[Black "Nechvatalova, Eva"]
[Result "1-0"]
[WhiteElo "1560"]
[BlackElo "1134"]
[PlyCount "109"]
[EventDate "2019.06.29"]
[EventType "swiss"]
[EventRounds "9"]
[EventCountry "CZE"]

1. e4 c5 2. Nf3 Nc6 3. d4 cxd4 4. Nxd4 d6 5. Be2 Nf6 6. Nc3 g6 7. O-O Bg7 8. Rb1 O-O 9. Nxc6 bxc6 10. Bf3 Bd7 11. Be3 Qc7 12. Qd2 Rab8 13. b3 Bg4 14. Bxg4 Nxg4 15. Bf4 Qa5 16. Ne2 Qxd2 17. Bxd2 Nf6 18. f3 d5 19. exd5 cxd5 20. Be3 Rbc8 21. Rbc1 a6 22. Rfd1 Rfd8 23. c3 Rd7 24. c4 dxc4 25. Rxd7 Nxd7 26. bxc4 Ne5 27. c5 Nd7 28. Nf4 Bh6 29. c6 Nf6 30. Kf1 e5 31. Nd5 Bxe3 32. Nxe3 e4 33. f4 Kg7 34. Ke2 h6 35. h3 g5 36. Nf5+ Kg6 37. Ne7+ Kg7 38. Nxc8 gxf4 39. Nd6 Nd5 40. Nxe4 Nc7 41. Kf3 Kg6 42. Kxf4 f5 43. Nd6 Kf6 44. Nxf5 Kg6 45. Nxh6 Kxh6 46. g4 Kg6 47. h4 Ne6+ 48. Ke5 Nc7 49. Rd1 Kh6 50. Rd6+ Kg7 51. g5 Ne8 52. Rd7+ Kf8 53. g6 Ng7 54. c7 Ne8 55. c8=Q 1-0

[Event "27th Klatovy B 2019"]
[Site "Klatovy CZE"]
[Date "2019.07.03"]
[Round "5.56"]
[White "Kratochvil, Milos 1976"]
[Black "Denk, Lukas"]
[Result "1-0"]
[WhiteElo "1528"]
[BlackElo "1092"]
[PlyCount "85"]
[EventDate "2019.06.29"]
[EventType "swiss"]
[EventRounds "9"]
[EventCountry "CZE"]

1. e4 e5 2. Nf3 Nc6 3. d4 d5 4. exd5 Nxd4 5. c3 Nxf3+ 6. Qxf3 Nf6 7. Bb5+ Bd7 8. Bxd7+ Qxd7 9. c4 Bb4+ 10. Nc3 e4 11. Qg3 Bxc3+ 12. Qxc3 c6 13. O-O O-O-O 14. Be3 Kb8 15. Rfd1 cxd5 16. Qd4 b6 17. c5 Qb7 18. b4 Rhe8 19. a4 Nd7 20. Rdc1 Rc8 21. Ra2 Rc6 22. Qxd5 bxc5 23. b5 Rb6 24. Qxf7 Rc8 25. Qxg7 Ka8 26. Qxh7 Ne5 27. Qxb7+ Kxb7 28. Kf1 Ng4 29. Bf4 Rf6 30. Bg3 Kb6 31. h3 Nh6 32. Rd1 Nf5 33. Kg1 Nxg3 34. fxg3 e3 35. Rf1 Rxf1+ 36. Kxf1 c4 37. Ke2 Re8 38. Ra3 Kc5 39. Rxe3 Rxe3+ 40. Kxe3 Kb4 41. Kd2 Kxa4 42. g4 Kxb5 43. g5 1-0

[Event "27th Klatovy B 2019"]
[Site "Klatovy CZE"]
[Date "2019.07.03"]
[Round "5.57"]
[White "Dolejs, Jakub"]
[Black "Pasek, Josef"]
[Result "1-0"]
[WhiteElo "1434"]
[BlackElo "1067"]
[PlyCount "53"]
[EventDate "2019.06.29"]
[EventType "swiss"]
[EventRounds "9"]
[EventCountry "CZE"]

1. d4 d5 2. c4 c6 3. Nf3 Bf5 4. Qb3 b6 5. e3 e6 6. Nc3 Nf6 7. h3 Be7 8. Nh4 Bg6 9. Nxg6 fxg6 10. cxd5 cxd5 11. Bb5+ Nbd7 12. e4 a6 13. Bc6 Ra7 14. exd5 exd5 15. Nxd5 Nxd5 16. Qxd5 Bb4+ 17. Bd2 Bxd2+ 18. Kxd2 Qc7 19. Rac1 Kd8 20. Rhe1 Qf4+ 21. Kd1 Qf5 22. Qb3 Rc7 23. Qe3 Qh5+ 24. g4 Qa5 25. Qe7+ Kc8 26. Qe8+ Rxe8 27. Rxe8# 1-0

[Event "27th Klatovy B 2019"]
[Site "Klatovy CZE"]
[Date "2019.07.03"]
[Round "5.58"]
[White "Vilasek, Martin"]
[Black "Sykora, Vaclav"]
[Result "1/2-1/2"]
[WhiteElo "1063"]
[BlackElo "1422"]
[PlyCount "45"]
[EventDate "2019.06.29"]
[EventType "swiss"]
[EventRounds "9"]
[EventCountry "CZE"]

1. e4 d6 2. d4 Nf6 3. Nc3 g6 4. Nf3 Bg7 5. Bf4 O-O 6. Bd3 Bg4 7. h3 Bxf3 8. Qxf3 c6 9. O-O Nbd7 10. a3 Nh5 11. Be3 Nhf6 12. Bf4 e5 13. Be3 exd4 14. Bxd4 Ne5 15. Bxe5 dxe5 16. Ne2 Qc7 17. c4 Nd7 18. b4 a5 19. Rfe1 Rfd8 20. Rad1 Nf8 21. Kf1 Ne6 22. Qe3 Rd7 23. Bc2 1/2-1/2

[Event "27th Klatovy B 2019"]
[Site "Klatovy CZE"]
[Date "2019.07.03"]
[Round "5.59"]
[White "Bukvaj, Jan"]
[Black "Hejda, Ondrej"]
[Result "1/2-1/2"]
[WhiteElo "1158"]
[BlackElo "1403"]
[PlyCount "76"]
[EventDate "2019.06.29"]
[EventType "swiss"]
[EventRounds "9"]
[EventCountry "CZE"]

1. e4 c5 2. Nf3 Nc6 3. d4 cxd4 4. Nxd4 e6 5. Nc3 Nf6 6. Be3 d5 7. Bb5 Bd7 8. Nxc6 Bxc6 9. Bxc6+ bxc6 10. exd5 cxd5 11. O-O Be7 12. Nb5 Qd7 13. a4 O-O 14. Qd4 a6 15. Nc3 Bd6 16. Rad1 Rac8 17. Rd3 Rc4 18. Qb6 Rb4 19. Qa5 Rxb2 20. Qxa6 Rxc2 21. f3 Be5 22. Rc1 Rxc1+ 23. Bxc1 Rc8 24. Bd2 Rb8 25. Nb5 Qb7 26. Qxb7 Rxb7 27. f4 Bc7 28. Rc3 Bb6+ 29. Kf1 h6 30. Rb3 Ne4 31. Ke2 Nxd2 32. Kxd2 Rd7 33. Ra3 Ba5+ 34. Kd3 f6 35. Kd4 Bb6+ 36. Kc3 e5 37. a5 Bc5 38. Ra4 e4 1/2-1/2

[Event "27th Klatovy B 2019"]
[Site "Klatovy CZE"]
[Date "2019.07.03"]
[Round "5.60"]
[White "Day, Sophia Olivia"]
[Black "Pozar, Pavel"]
[Result "1-0"]
[WhiteElo "1021"]
[BlackElo "1329"]
[PlyCount "73"]
[EventDate "2019.06.29"]
[EventType "swiss"]
[EventRounds "9"]
[EventCountry "CZE"]

1. e4 e5 2. Nf3 Nc6 3. Nc3 Nf6 4. d4 Bd6 5. Bg5 O-O 6. Nd5 h6 7. Nxf6+ gxf6 8. Bxh6 Re8 9. Bc4 exd4 10. Nxd4 Rxe4+ 11. Be3 Nxd4 12. O-O Nf5 13. Bxf7+ Kxf7 14. Qd5+ Re6 15. Qxf5 Qh8 16. h3 Re5 17. Qf4 b5 18. Qf3 Ba6 19. Bd4 Rg5 20. Qb3+ Ke7 21. Rfe1+ Be5 22. f4 Kd8 23. Bxe5 Rg6 24. f5 Rg5 25. h4 Rg4 26. Qd5 c6 27. Qf3 Rxh4 28. Bg3 Rh1+ 29. Kf2 Rxe1 30. Rxe1 Qf8 31. Re3 Qc5 32. c3 b4 33. Qf4 Rc8 34. Qe4 Qf8 35. Qd4 bxc3 36. Qxa7 c2 37. Qb6+ 1-0

[Event "27th Klatovy B 2019"]
[Site "Klatovy CZE"]
[Date "2019.07.03"]
[Round "5.61"]
[White "Skrivan, Matej 2008"]
[Black "Filip, Petr 1952"]
[Result "0-1"]
[WhiteElo "1012"]
[BlackElo "1324"]
[PlyCount "64"]
[EventDate "2019.06.29"]
[EventType "swiss"]
[EventRounds "9"]
[EventCountry "CZE"]

1. e4 e6 2. Bc4 Be7 3. e5 d5 4. exd6 Bxd6 5. Nf3 Nf6 6. O-O O-O 7. Nc3 a6 8. d4 c6 9. Bg5 b5 10. Bd3 Nbd7 11. Ne4 Be7 12. Nxf6+ Bxf6 13. Ne5 Bxg5 14. Nxd7 Qxd7 15. Qh5 h6 16. Rfe1 Qxd4 17. Re4 Qf6 18. Rae1 g6 19. Qh3 e5 20. Rxe5 Bxh3 21. gxh3 Bh4 22. R1e2 Bxf2+ 23. Rxf2 Qxe5 24. Re2 Qg5+ 25. Rg2 Qc1+ 26. Bf1 Rae8 27. Rf2 Re5 28. h4 Rf5 29. Rxf5 gxf5 30. a4 Qe1 31. axb5 cxb5 32. h5 Kh8 0-1

[Event "27th Klatovy B 2019"]
[Site "Klatovy CZE"]
[Date "2019.07.03"]
[Round "5.62"]
[White "Havelkova, Beata"]
[Black "Souralova, Alena"]
[Result "1-0"]
[WhiteElo "1316"]
[BlackElo "1000"]
[PlyCount "69"]
[EventDate "2019.06.29"]
[EventType "swiss"]
[EventRounds "9"]
[EventCountry "CZE"]

1. e4 e5 2. Nf3 Nc6 3. Bb5 a6 4. Ba4 b5 5. Bb3 Bc5 6. O-O d6 7. c3 Bg4 8. h3 Bh5 9. Bd5 Qd7 10. d4 Nf6 11. Bxc6 Qxc6 12. dxc5 dxc5 13. Nxe5 Qxe4 14. g4 Qxe5 15. Re1 Qe6 16. Rxe6+ fxe6 17. gxh5 O-O 18. Bg5 h6 19. Bxf6 Rxf6 20. Qe2 g5 21. Nd2 Kg7 22. Ne4 Rf7 23. Nxc5 Re8 24. Nxe6+ Rxe6 25. Qxe6 Rf6 26. Qe5 Kf7 27. Re1 Kg7 28. Qxc7+ Rf7 29. Re7 Rxe7 30. Qxe7+ Kg8 31. Qe6+ Kh8 32. Qxh6+ Kg8 33. Qg6+ Kh8 34. h6 a5 35. Qg7# 1-0

[Event "27th Klatovy B 2019"]
[Site "Klatovy CZE"]
[Date "2019.07.03"]
[Round "5.63"]
[White "Lhotsky, Zdenek 1966"]
[Black "Veverka, Max"]
[Result "0-1"]
[WhiteElo "1285"]
[BlackElo "1000"]
[PlyCount "68"]
[EventDate "2019.06.29"]
[EventType "swiss"]
[EventRounds "9"]
[EventCountry "CZE"]

1. e4 e5 2. Nf3 Nc6 3. Bb5 a6 4. Ba4 b5 5. Bb3 Bc5 6. c3 Nf6 7. d4 exd4 8. cxd4 Bb4+ 9. Nc3 O-O 10. Bg5 Bxc3+ 11. bxc3 Bb7 12. e5 Re8 13. O-O h6 14. exf6 hxg5 15. Nxg5 Qxf6 16. Qg4 Rf8 17. Rae1 Rad8 18. Re3 Qg6 19. Rh3 Na5 20. Rh7 Nxb3 21. axb3 f6 22. Qh5 Qxh5 23. Rxh5 fxg5 24. Rxg5 Be4 25. Re5 Bh7 26. Rfe1 d6 27. Re7 c5 28. Ra7 Rde8 29. Ree7 Rxe7 30. Rxe7 cxd4 31. cxd4 Rf5 32. Ra7 Rd5 33. Rxa6 Rxd4 34. Rb6 Rd1# 0-1

[Event "27th Klatovy B 2019"]
[Site "Klatovy CZE"]
[Date "2019.07.03"]
[Round "5.64"]
[White "Krmelova, Tereza"]
[Black "Berkovec, Jakub"]
[Result "1/2-1/2"]
[WhiteElo "1000"]
[BlackElo "1060"]
[PlyCount "65"]
[EventDate "2019.06.29"]
[EventType "swiss"]
[EventRounds "9"]
[EventCountry "CZE"]

1. d4 c5 2. d5 d6 3. c4 Nf6 4. Nc3 g6 5. e4 Bg7 6. Bd2 O-O 7. Be2 Nbd7 8. Bf4 Qa5 9. Bd2 Qc7 10. Rb1 a6 11. Nf3 Ng4 12. O-O Nde5 13. Bg5 Nxf3+ 14. Bxf3 Nf6 15. Bxf6 Bxf6 16. Bg4 Bg7 17. f4 Bd4+ 18. Kh1 Bd7 19. Bxd7 Qxd7 20. f5 b5 21. Qf3 b4 22. Ne2 Bg7 23. b3 a5 24. g4 a4 25. Nf4 axb3 26. axb3 Qa7 27. Nh3 Qa2 28. Ng5 h6 29. Nh3 Be5 30. Nf4 g5 31. Ne2 Qc2 32. Rfc1 Qa2 33. Re1 1/2-1/2

[Event "27th Klatovy B 2019"]
[Site "Klatovy CZE"]
[Date "2019.07.03"]
[Round "5.65"]
[White "Bican, Vojtech"]
[Black "Devera, Filip"]
[Result "0-1"]
[WhiteElo "1078"]
[BlackElo "1253"]
[PlyCount "78"]
[EventDate "2019.06.29"]
[EventType "swiss"]
[EventRounds "9"]
[EventCountry "CZE"]

1. e4 e6 2. d4 d5 3. f3 c5 4. Be3 dxe4 5. fxe4 Qh4+ 6. Bf2 Qxe4+ 7. Qe2 Qxe2+ 8. Bxe2 cxd4 9. Bxd4 Nc6 10. Bb5 Bd7 11. Nf3 Nxd4 12. Nxd4 O-O-O 13. Nd2 Bc5 14. Bxd7+ Rxd7 15. N4b3 Be7 16. O-O-O Nf6 17. Rhf1 Rhd8 18. h3 Bb4 19. c3 Bd6 20. g4 Nd5 21. Rfe1 Bf4 22. Re2 Ne3 23. Rde1 Nc4 24. Rd1 Nxd2 25. Nxd2 Bxd2+ 26. Rexd2 Rxd2 27. Rxd2 Rxd2 28. Kxd2 Kd7 29. Kd3 f5 30. gxf5 exf5 31. Ke3 Ke6 32. Kf4 g5+ 33. Kxg5 Ke5 34. Kh6 f4 35. Kxh7 f3 36. Kg7 f2 37. h4 f1=Q 38. h5 Qg2+ 39. Kf7 Qg5 0-1

[Event "27th Klatovy B 2019"]
[Site "Klatovy CZE"]
[Date "2019.07.03"]
[Round "5.66"]
[White "Batek, Simon"]
[Black "Silhavy, Josef"]
[Result "0-1"]
[WhiteElo "1100"]
[BlackElo "1448"]
[PlyCount "50"]
[EventDate "2019.06.29"]
[EventType "swiss"]
[EventRounds "9"]
[EventCountry "CZE"]

1. e4 c5 2. Nc3 d6 3. d3 g6 4. f3 Bg7 5. b3 Bxc3+ 6. Bd2 Bxa1 7. Qxa1 e5 8. Ne2 Nc6 9. Nc3 Nge7 10. Nd5 Nxd5 11. exd5 Nb4 12. g3 Nxc2+ 13. Ke2 Nxa1 14. f4 Nc2 15. h4 Nd4+ 16. Kd1 Bg4+ 17. Kc1 b5 18. fxe5 dxe5 19. Bg5 f6 20. Bh6 Kf7 21. b4 cxb4 22. Be3 Qc7+ 23. Kb2 Qc2+ 24. Ka1 b3 25. axb3 Nxb3# 0-1

[Event "27th Klatovy B 2019"]
[Site "Klatovy CZE"]
[Date "2019.07.03"]
[Round "5.67"]
[White "Hala, Matej"]
[Black "Batek, Tomas"]
[Result "1-0"]
[WhiteElo "1014"]
[BlackElo "1052"]
[PlyCount "87"]
[EventDate "2019.06.29"]
[EventType "swiss"]
[EventRounds "9"]
[EventCountry "CZE"]

1. e4 d5 2. exd5 Nf6 3. Bc4 c6 4. dxc6 Nxc6 5. Nf3 h6 6. Nc3 Na5 7. Ne5 Nxc4 8. Nxc4 e6 9. d3 Bb4 10. Bd2 O-O 11. a3 Bxc3 12. Bxc3 b5 13. Qf3 Nd5 14. Ne3 Bb7 15. Nxd5 Bxd5 16. Qg3 g6 17. Qf4 h5 18. Qh6 f6 19. Qxg6+ Kh8 20. Bd2 Qe7 21. Bh6 Rg8 22. Qxh5 Qh7 23. Qh4 f5 24. b3 Rg6 25. Bg5 Rag8 26. Bf6+ R8g7 27. Bxg7+ Kxg7 28. Qxh7+ Kxh7 29. c4 Bxg2 30. Rg1 bxc4 31. dxc4 Kg7 32. b4 f4 33. f3 a6 34. Kf2 Bxf3 35. Rxg6+ Kxg6 36. Kxf3 e5 37. Re1 Kf5 38. c5 Ke6 39. Rd1 Kf5 40. c6 e4+ 41. Kg2 f3+ 42. Kf2 Kf4 43. Re1 e3+ 44. Rxe3 1-0

[Event "27th Klatovy B 2019"]
[Site "Klatovy CZE"]
[Date "2019.07.03"]
[Round "5.68"]
[White "Nova, Anezka"]
[Black "Slechta, Adam"]
[Result "0-1"]
[WhiteElo "1044"]
[BlackElo "1000"]
[PlyCount "26"]
[EventDate "2019.06.29"]
[EventType "swiss"]
[EventRounds "9"]
[EventCountry "CZE"]

1. e4 e5 2. Nf3 Nc6 3. d4 exd4 4. Nxd4 Bc5 5. Nxc6 bxc6 6. Bc4 Ne7 7. Bf4 O-O 8. O-O d5 9. Bb3 dxe4 10. Qxd8 Rxd8 11. Re1 g6 12. Rxe4 Rd1+ 13. Re1 Rxe1# 0-1

[Event "27th Klatovy B 2019"]
[Site "Klatovy CZE"]
[Date "2019.07.04"]
[Round "6.1"]
[White "Flajsman, Petr"]
[Black "Stanik, Michal"]
[Result "1/2-1/2"]
[WhiteElo "1799"]
[BlackElo "1782"]
[PlyCount "22"]
[EventDate "2019.06.29"]
[EventType "swiss"]
[EventRounds "9"]
[EventCountry "CZE"]

1. e4 e6 2. d4 d5 3. exd5 exd5 4. Be3 Bd6 5. Be2 Nf6 6. Nf3 Bg4 7. Nbd2 Nbd7 8. h3 Bh5 9. c3 c6 10. O-O O-O 11. Qc2 Qc7 1/2-1/2

[Event "27th Klatovy B 2019"]
[Site "Klatovy CZE"]
[Date "2019.07.04"]
[Round "6.2"]
[White "Jirasek, Jiri"]
[Black "Kastner, Jan"]
[Result "0-1"]
[WhiteElo "1908"]
[BlackElo "1919"]
[PlyCount "68"]
[EventDate "2019.06.29"]
[EventType "swiss"]
[EventRounds "9"]
[EventCountry "CZE"]

1. d4 Nf6 2. c4 e6 3. Nf3 d5 4. Nc3 c6 5. e3 Nbd7 6. Bd3 Bb4 7. O-O O-O 8. Bd2 Bd6 9. e4 dxe4 10. Nxe4 Nxe4 11. Bxe4 f5 12. Bc2 e5 13. c5 Be7 14. Bb3+ Kh8 15. Nxe5 Nxe5 16. dxe5 Bxc5 17. Bc3 Qe7 18. Kh1 f4 19. Qe2 Be6 20. Bxe6 Qxe6 21. b4 Be7 22. Rfd1 Rae8 23. Qb2 Rf5 24. Qb3 Qh6 25. Rd3 Rh5 26. h3 Rf8 27. Bd4 Qg6 28. Qd1 Rg5 29. Qf3 Rxg2 30. Rad1 Rg5 31. Bc3 Qe6 32. Kh2 Qxa2 33. Rd7 Rg3 34. Qxg3 fxg3+ 0-1